Vol. 732 : Radiation from Relativistic Electrons in Periodic Structures (RREPS2015): XI International Symposium, 6–11 September 2015, Saint Petersburg, Russian Federation; [proceedings]; Journal of Physics: Conference Series

Bibliografiset tiedot
Parent link:Journal of Physics: Conference Series. Vol. 732 : Radiation from Relativistic Electrons in Periodic Structures (RREPS2015)
Yhteisötekijät: National Research Tomsk Polytechnic University (TPU), Radiation from Relativistic Electrons in Periodic Structures (RREPS2015)
Yhteenveto:Title screen
Режим доступа: по договору с организацией-держателем ресурса
Kieli:englanti
Julkaistu: 2016
Aiheet:
Linkit:http://iopscience.iop.org/issue/1742-6596/732/1
Aineistotyyppi: MixedMaterials Elektroninen Kirja
KOHA link:https://koha.lib.tpu.ru/cgi-bin/koha/opac-detail.pl?biblionumber=650720

MARC

LEADER 00000nlm2a2200000 4500
001 650720
005 20231102025735.0
035 |a (RuTPU)RU\TPU\network\15969 
090 |a 650720 
100 |a 20161018a2016 k y0engy50 ba 
101 0 |a eng 
105 |a a z 100zy 
135 |a drcn ---uucaa 
181 0 |a i  
182 0 |a b 
200 0 |a Vol. 732 : Radiation from Relativistic Electrons in Periodic Structures (RREPS2015)  |e XI International Symposium, 6–11 September 2015, Saint Petersburg, Russian Federation  |e [proceedings]  |f National Research Tomsk Polytechnic University (TPU) 
203 |a Text  |c electronic 
210 |d 2016 
300 |a Title screen 
333 |a Режим доступа: по договору с организацией-держателем ресурса 
461 1 |0 (RuTPU)RU\TPU\network\3526  |t Journal of Physics: Conference Series  |v Vol. 732 : Radiation from Relativistic Electrons in Periodic Structures (RREPS2015) 
606 1 |a Физика  |2 stltpush  |3 (RuTPU)RU\TPU\subj\63709  |9 80688 
606 1 |a Ядерная, атомная, молекулярная физика  |2 stltpush  |3 (RuTPU)RU\TPU\subj\68877  |9 83976 
610 1 |a конференции 
610 1 |a труды учёных ТПУ 
610 1 |a электронный ресурс 
610 1 |a излучение 
610 1 |a периодические системы 
610 1 |a релятивистские заряженные частицы 
675 |a 53(063)  |v 3 
675 |a 539.1(063)  |v 3 
712 0 2 |a National Research Tomsk Polytechnic University (TPU)  |2 stltpush  |3 (RuTPU)RU\TPU\col\18773 
712 1 2 |a Radiation from Relativistic Electrons in Periodic Structures (RREPS2015)  |c symposium  |e Saint Petersburg  |f 2015 
801 2 |a RU  |b 63413507  |c 20171018  |g RCR 
856 4 |u http://iopscience.iop.org/issue/1742-6596/732/1 
942 |c CF